000 00550nam a2200217Ia 4500
003 OSt
005 20221005120248.0
006 a|||||r|||| 00| 0
007 ta
008 221004b |||||||| |||| 00| 0 snd d
024 _a6630
037 _cTextual
040 _aCRL
_cCRL
_bsnd
041 _2snd
_asnd
082 _aO1593,3NHI,DP, L3
100 _aHimthani Hari
_9628892
245 0 _aDingyoon phidyoon lakeeroon
260 _c1973
942 _hO1593,3NHI,DP, L3
_cTEXL
_2cc
999 _c1037453
_d1037453